<?xml version="1.0" encoding="UTF-8"?>
<record
    xmlns:xsi="http://www.w3.org/2001/XMLSchema-instance"
    xsi:schemaLocation="http://www.loc.gov/MARC21/slim http://www.loc.gov/standards/marcxml/schema/MARC21slim.xsd"
    xmlns="http://www.loc.gov/MARC21/slim">

  <leader>04438nas1a22006011i 4500</leader>
  <controlfield tag="001">RU\NLR\INFOCOMM31\5000012413</controlfield>
  <controlfield tag="005">20241118104650.0</controlfield>
  <datafield tag="035" ind1=" " ind2=" ">
    <subfield code="a">(NLR Aleph) 002342711</subfield>
  </datafield>
  <datafield tag="090" ind1=" " ind2=" ">
    <subfield code="a">4487759</subfield>
    <subfield code="c">4487759</subfield>
  </datafield>
  <datafield tag="100" ind1=" " ind2=" ">
    <subfield code="a">20041102c1886    |||y0rusy50      ca</subfield>
  </datafield>
  <datafield tag="101" ind1="0" ind2=" ">
    <subfield code="a">rus</subfield>
  </datafield>
  <datafield tag="102" ind1=" " ind2=" ">
    <subfield code="a">RU</subfield>
  </datafield>
  <datafield tag="110" ind1=" " ind2=" ">
    <subfield code="a">ayuzz  0|y|</subfield>
  </datafield>
  <datafield tag="200" ind1="1" ind2=" ">
    <subfield code="a">&#x421;&#x438;&#x431;&#x438;&#x440;&#x441;&#x43A;&#x438;&#x439; &#x441;&#x431;&#x43E;&#x440;&#x43D;&#x438;&#x43A;</subfield>
    <subfield code="e">&#x41D;&#x430;&#x443;&#x447;.-&#x43B;&#x438;&#x442;. &#x43F;&#x435;&#x440;&#x438;&#x43E;&#x434;&#x438;&#x447;. &#x438;&#x437;&#x434;.</subfield>
    <subfield code="e">&#x41F;&#x440;&#x438;&#x43B;. &#x43A; "&#x412;&#x43E;&#x441;&#x442;&#x43E;&#x447;&#x43D;&#x43E;&#x43C;&#x443; &#x43E;&#x431;&#x43E;&#x437;&#x440;&#x435;&#x43D;&#x438;&#x44E;"</subfield>
  </datafield>
  <datafield tag="207" ind1=" " ind2="1">
    <subfield code="a">&#x413;.[1]-[19]</subfield>
  </datafield>
  <datafield tag="210" ind1=" " ind2=" ">
    <subfield code="a">&#x421;&#x41F;&#x431;.</subfield>
    <subfield code="d">1886-1904</subfield>
  </datafield>
  <datafield tag="325" ind1="1" ind2=" ">
    <subfield code="a">&#x412;&#x43E;&#x441;&#x43F;&#x440;&#x43E;&#x438;&#x437;&#x432;&#x435;&#x434;&#x435;&#x43D; &#x43C;&#x438;&#x43A;&#x440;&#x43E;&#x444;&#x438;&#x43B;&#x44C;&#x43C;. 1893, &#x432;&#x44B;&#x43F;. 1-2; 1894, &#x432;&#x44B;&#x43F;. 1-7; 1895, &#x432;&#x44B;&#x43F;. 1-4. &#x420;&#x41D;&#x411; &#x420;&#x435;&#x43F;&#x440;&#x43E;&#x433;&#x440;&#x430;&#x444;&#x438;&#x44F;: &#x421;&#x430;&#x43D;&#x43A;&#x442;-&#x41F;&#x435;&#x442;&#x435;&#x440;&#x431;&#x443;&#x440;&#x433;, 2003. &#x41D;&#x435;&#x433;&#x430;&#x442;&#x438;&#x432;: 524 &#x43A;&#x430;&#x434;&#x440;&#x430;; &#x43C;&#x438;&#x43A;&#x440;&#x43E;&#x444;&#x438;&#x43B;&#x44C;&#x43C; &#x440;&#x443;&#x43B;&#x43E;&#x43D;&#x43D;&#x44B;&#x439;; 35&#x43C;&#x43C;; &#x43C;&#x43E;&#x43D;&#x43E;&#x445;&#x440;&#x43E;&#x43C;&#x43D;&#x44B;&#x439;; &#x43E;&#x441;&#x43D;&#x43E;&#x432;&#x430; &#x431;&#x435;&#x437;&#x43E;&#x43F;&#x430;&#x441;&#x43D;&#x430;&#x44F;; &#x44D;&#x43C;&#x443;&#x43B;&#x44C;&#x441;&#x438;&#x44F; &#x433;&#x430;&#x43B;&#x43E;&#x433;&#x435;&#x43D;&#x43E;&#x441;&#x435;&#x440;&#x435;&#x431;&#x440;&#x44F;&#x43D;&#x430;&#x44F;; &#x43E;&#x441;&#x43D;&#x43E;&#x432;&#x43D;&#x430;&#x44F; &#x441;&#x442;&#x440;&#x430;&#x445;&#x43E;&#x432;&#x430;&#x44F; &#x43A;&#x43E;&#x43F;&#x438;&#x44F;.</subfield>
  </datafield>
  <datafield tag="325" ind1="1" ind2=" ">
    <subfield code="a">&#x412;&#x43E;&#x441;&#x43F;&#x440;&#x43E;&#x438;&#x437;&#x432;&#x435;&#x434;&#x435;&#x43D; &#x43C;&#x438;&#x43A;&#x440;&#x43E;&#x444;&#x438;&#x43B;&#x44C;&#x43C;. 1896, &#x432;&#x44B;&#x43F;. 1-4; 1897, &#x432;&#x44B;&#x43F;. 1/2, 3-4. &#x420;&#x41D;&#x411; &#x420;&#x435;&#x43F;&#x440;&#x43E;&#x433;&#x440;&#x430;&#x444;&#x438;&#x44F;: &#x421;&#x430;&#x43D;&#x43A;&#x442;-&#x41F;&#x435;&#x442;&#x435;&#x440;&#x431;&#x443;&#x440;&#x433;, 2003. &#x41D;&#x435;&#x433;&#x430;&#x442;&#x438;&#x432;: 460 &#x43A;&#x430;&#x434;&#x440;&#x43E;&#x432;; &#x43C;&#x438;&#x43A;&#x440;&#x43E;&#x444;&#x438;&#x43B;&#x44C;&#x43C; &#x440;&#x443;&#x43B;&#x43E;&#x43D;&#x43D;&#x44B;&#x439;; 35&#x43C;&#x43C;; &#x43C;&#x43E;&#x43D;&#x43E;&#x445;&#x440;&#x43E;&#x43C;&#x43D;&#x44B;&#x439;; &#x43E;&#x441;&#x43D;&#x43E;&#x432;&#x430; &#x431;&#x435;&#x437;&#x43E;&#x43F;&#x430;&#x441;&#x43D;&#x430;&#x44F;; &#x44D;&#x43C;&#x443;&#x43B;&#x44C;&#x441;&#x438;&#x44F; &#x433;&#x430;&#x43B;&#x43E;&#x433;&#x435;&#x43D;&#x43E;&#x441;&#x435;&#x440;&#x435;&#x431;&#x440;&#x44F;&#x43D;&#x430;&#x44F;; &#x43E;&#x441;&#x43D;&#x43E;&#x432;&#x43D;&#x430;&#x44F; &#x441;&#x442;&#x440;&#x430;&#x445;&#x43E;&#x432;&#x430;&#x44F; &#x43A;&#x43E;&#x43F;&#x438;&#x44F;.</subfield>
  </datafield>
  <datafield tag="325" ind1="1" ind2=" ">
    <subfield code="a">&#x412;&#x43E;&#x441;&#x43F;&#x440;&#x43E;&#x438;&#x437;&#x432;&#x435;&#x434;&#x435;&#x43D; &#x43C;&#x438;&#x43A;&#x440;&#x43E;&#x444;&#x438;&#x43B;&#x44C;&#x43C;. 1898, &#x432;&#x44B;&#x43F;. 1; 1899, &#x432;&#x44B;&#x43F;. 1-2; 1900, &#x432;&#x44B;&#x43F;. 1-2. &#x420;&#x41D;&#x411; &#x420;&#x435;&#x43F;&#x440;&#x43E;&#x433;&#x440;&#x430;&#x444;&#x438;&#x44F;: &#x421;&#x430;&#x43D;&#x43A;&#x442;-&#x41F;&#x435;&#x442;&#x435;&#x440;&#x431;&#x443;&#x440;&#x433;, 2003. &#x41D;&#x435;&#x433;&#x430;&#x442;&#x438;&#x432;: 433 &#x43A;&#x430;&#x434;&#x440;&#x430;; &#x43C;&#x438;&#x43A;&#x440;&#x43E;&#x444;&#x438;&#x43B;&#x44C;&#x43C; &#x440;&#x443;&#x43B;&#x43E;&#x43D;&#x43D;&#x44B;&#x439;; 35&#x43C;&#x43C;; &#x43C;&#x43E;&#x43D;&#x43E;&#x445;&#x440;&#x43E;&#x43C;&#x43D;&#x44B;&#x439;; &#x43E;&#x441;&#x43D;&#x43E;&#x432;&#x430; &#x431;&#x435;&#x437;&#x43E;&#x43F;&#x430;&#x441;&#x43D;&#x430;&#x44F;; &#x44D;&#x43C;&#x443;&#x43B;&#x44C;&#x441;&#x438;&#x44F; &#x433;&#x430;&#x43B;&#x43E;&#x433;&#x435;&#x43D;&#x43E;&#x441;&#x435;&#x440;&#x435;&#x431;&#x440;&#x44F;&#x43D;&#x430;&#x44F;; &#x43E;&#x441;&#x43D;&#x43E;&#x432;&#x43D;&#x430;&#x44F; &#x441;&#x442;&#x440;&#x430;&#x445;&#x43E;&#x432;&#x430;&#x44F; &#x43A;&#x43E;&#x43F;&#x438;&#x44F;.</subfield>
  </datafield>
  <datafield tag="325" ind1="1" ind2=" ">
    <subfield code="a">&#x412;&#x43E;&#x441;&#x43F;&#x440;&#x43E;&#x438;&#x437;&#x432;&#x435;&#x434;&#x435;&#x43D; &#x43C;&#x438;&#x43A;&#x440;&#x43E;&#x444;&#x438;&#x43B;&#x44C;&#x43C;. 1901, &#x432;&#x44B;&#x43F;. 1; 1902, &#x432;&#x44B;&#x43F;. 1; 1903, &#x432;&#x44B;&#x43F;. 1; 1904, &#x432;&#x44B;&#x43F;. 1. &#x420;&#x41D;&#x411; &#x420;&#x435;&#x43F;&#x440;&#x43E;&#x433;&#x440;&#x430;&#x444;&#x438;&#x44F;: &#x421;&#x430;&#x43D;&#x43A;&#x442;-&#x41F;&#x435;&#x442;&#x435;&#x440;&#x431;&#x443;&#x440;&#x433;, 2003. &#x41D;&#x435;&#x433;&#x430;&#x442;&#x438;&#x432;: 467 &#x43A;&#x430;&#x434;&#x440;&#x43E;&#x432;; &#x43C;&#x438;&#x43A;&#x440;&#x43E;&#x444;&#x438;&#x43B;&#x44C;&#x43C; &#x440;&#x443;&#x43B;&#x43E;&#x43D;&#x43D;&#x44B;&#x439;; 35&#x43C;&#x43C;; &#x43C;&#x43E;&#x43D;&#x43E;&#x445;&#x440;&#x43E;&#x43C;&#x43D;&#x44B;&#x439;; &#x43E;&#x441;&#x43D;&#x43E;&#x432;&#x430; &#x431;&#x435;&#x437;&#x43E;&#x43F;&#x430;&#x441;&#x43D;&#x430;&#x44F;; &#x44D;&#x43C;&#x443;&#x43B;&#x44C;&#x441;&#x438;&#x44F; &#x433;&#x430;&#x43B;&#x43E;&#x433;&#x435;&#x43D;&#x43E;&#x441;&#x435;&#x440;&#x435;&#x431;&#x440;&#x44F;&#x43D;&#x430;&#x44F;; &#x43E;&#x441;&#x43D;&#x43E;&#x432;&#x43D;&#x430;&#x44F; &#x441;&#x442;&#x440;&#x430;&#x445;&#x43E;&#x432;&#x430;&#x44F; &#x43A;&#x43E;&#x43F;&#x438;&#x44F;.</subfield>
  </datafield>
  <datafield tag="422" ind1=" " ind2="0">
    <subfield code="1">2001#$a&#x412;&#x43E;&#x441;&#x442;&#x43E;&#x447;&#x43D;&#x43E;&#x435; &#x43E;&#x431;&#x43E;&#x437;&#x440;&#x435;&#x43D;&#x438;&#x435;</subfield>
    <subfield code="t">&#x412;&#x43E;&#x441;&#x442;&#x43E;&#x447;&#x43D;&#x43E;&#x435; &#x43E;&#x431;&#x43E;&#x437;&#x440;&#x435;&#x43D;&#x438;&#x435;</subfield>
  </datafield>
  <datafield tag="801" ind1=" " ind2="1">
    <subfield code="a">RU</subfield>
    <subfield code="b">InfoComm</subfield>
    <subfield code="c">20041102</subfield>
  </datafield>
  <datafield tag="801" ind1=" " ind2="0">
    <subfield code="a">RU</subfield>
    <subfield code="b">NLR</subfield>
    <subfield code="g">PSBO</subfield>
  </datafield>
  <datafield tag="852" ind1=" " ind2=" ">
    <subfield code="a">NLR</subfield>
    <subfield code="j">1/393</subfield>
  </datafield>
  <datafield tag="852" ind1=" " ind2=" ">
    <subfield code="a">NLR</subfield>
    <subfield code="b">&#x41C;&#x444;</subfield>
    <subfield code="j">&#x41F;1/9366</subfield>
  </datafield>
  <datafield tag="942" ind1=" " ind2=" ">
    <subfield code="c">JOURNAL</subfield>
  </datafield>
  <datafield tag="980" ind1=" " ind2=" ">
    <subfield code="a">RUSPER</subfield>
  </datafield>
</record>
